|
|
|
|
| LEADER |
00000nab a2200000ua 4500 |
| 001 |
vtls010844431 |
| 003 |
SK-MaSNL |
| 005 |
20260303135846.0 |
| 008 |
230218s1971 xo |||||||||||||||||cze| |
| 035 |
|
|
|a (urnnbn)urn:nbn:sk:snk:ar-a0730k
|
| 035 |
|
|
|a urn:nbn:sk:snk-ab66ae
|
| 035 |
|
|
|a (uuid)b54a2b4c-4527-4b72-8653-759de037038e
|
| 040 |
|
|
|a SNKBUCL
|b slo
|c SNKBUCL
|e AACR2
|
| 041 |
0 |
|
|a cze
|
| 044 |
|
|
|a xo
|c SK
|
| 100 |
1 |
|
|a Janáček, Josef,
|d 1915-1975
|4 aut
|9 194168
|
| 245 |
1 |
0 |
|a K TEKTONICE PLIOCÉNU VE STŘEDNÍ ČÁSTI PODUNAJSKÉ NÍŽINY
|c Josef Janáček
|
| 773 |
0 |
|
|t Geologické práce : správy
|g Roč. 55, č. 55 (1971), s. 65-85
|
| 954 |
|
|
|a odborná, vedecká literatúra cudzojazyčná (svetová)
|2 lita
|
| 958 |
|
|
|a OND
|
| 958 |
|
|
|a EUIPO
|
| 958 |
|
|
|a article5
|
| 999 |
|
|
|c 1968426
|d 1970356
|